The complete idiot's guide to upgrading your PC / (Record no. 9228)
[ view plain ]
| 000 -LEADER | |
|---|---|
| fixed length control field | 00878nac a22002411u 4500 |
| 010 ## - LIBRARY OF CONGRESS CONTROL NUMBER | |
| LC control number | 95072565 |
| 020 ## - INTERNATIONAL STANDARD BOOK NUMBER | |
| International Standard Book Number | 0789706814 : |
| 035 ## - SYSTEM CONTROL NUMBER | |
| System control number | (OCoLC)34256846 |
| 082 00 - DEWEY DECIMAL CLASSIFICATION NUMBER | |
| Classification number | 621.3916 |
| Item number | FUL |
| 090 ## - LOCALLY ASSIGNED LC-TYPE CALL NUMBER (OCLC); LOCAL CALL NUMBER (OCLC) | |
| -- | 9228 |
| -- | 9228 |
| 100 ## - MAIN ENTRY--PERSONAL NAME | |
| Personal name | Fulton, Jennifer. |
| 245 14 - TITLE STATEMENT | |
| Title | The complete idiot's guide to upgrading your PC / |
| Statement of responsibility, etc | by Jennifer Fulton. |
| 246 3# - VARYING FORM OF TITLE | |
| Title proper/short title | Idiot's guide to upgrading your PC |
| 260 ## - PUBLICATION, DISTRIBUTION, ETC. (IMPRINT) | |
| Place of publication, distribution, etc | Indianapolis, IN : |
| Name of publisher, distributor, etc | Que,1996. |
| Date of publication, distribution, etc | c1996. |
| 300 ## - PHYSICAL DESCRIPTION | |
| Extent | xviii, 342 p. : |
| Other physical details | ill. ; |
| Dimensions | 23 cm. + |
| Accompanying material | 1 computer disk (3 1/2 in.) |
| 500 ## - GENERAL NOTE | |
| General note | Includes index. |
| 500 ## - GENERAL NOTE | |
| General note | Distributer: Al-Ahram |
| 511 ## - PARTICIPANT OR PERFORMER NOTE | |
| Participant or performer note | Catalogued by: Sara |
| 650 #0 - SUBJECT ADDED ENTRY--TOPICAL TERM | |
| Topical term or geographic name as entry element | Microcomputers |
| General subdivision | Upgrading. |
| 650 #0 - SUBJECT ADDED ENTRY--TOPICAL TERM | |
| Topical term or geographic name as entry element | IBM-compatible computers |
| General subdivision | Upgrading. |
| 942 ## - ADDED ENTRY ELEMENTS (KOHA) | |
| Item type | Book - Borrowing |
| Call number prefix | 621.3916FUL |
| Withdrawn status | Item status | Damaged status | Not for loan | Home library | Current library | Shelving location | Date acquired | Source of acquisition | Total Checkouts | Full call number | Barcode | Date last seen | Date last borrowed | Koha item type |
|---|---|---|---|---|---|---|---|---|---|---|---|---|---|---|
| Central Library | Central Library | First floor | 21/04/2008 | Purchase | 1 | 621.3916FUL | 000011181 | 15/07/2025 | 08/10/2009 | Book - Borrowing |